000
00307nam a2200145Ia 4500
003
GCL
008
140319s9999 xx 000 0 eng d
040
_a
GCL /
_c
GCL
082
0
4
_a
VIDEO
_b
139
245
1
0
_a
WATCHERS II
260
_a
[S.N] :
_b
NONE
650
0
4
_a
FILMS
650
0
4
_a
MOVIES
942
_2
ddc
_c
BK
999
_c
18724
_d
18724